[Event "Moscow GM3"]
[Site "Moscow"]
[Date "1996.??.??"]
[Round "?"]
[White "Vlassov, Nikolai"]
[Black "Zaitsev, Igor A"]
[Result "0-1"]
[WhiteElo "2380"]
[BlackElo "2460"]
[PlyCount "128"]
[EventDate "1996.??.??"]
[EventType "tourn"]
[EventRounds "11"]
[EventCountry "RUS"]
[EventCategory "9"]
[SourceTitle "EXT 2000"]
[Source "ChessBase"]
[SourceDate "1999.11.16"]
[SourceVersion "1"]
[SourceVersionDate "1999.11.16"]
[SourceQuality "1"]

1. e4 e5 2. Bc4 Nf6 3. d3 Nc6 4. Nf3 Be7 5. O-O O-O 6. Re1 d6 7. a4 Be6 8. Nbd2
Qd7 9. a5 Bxc4 10. Nxc4 b5 11. axb6 axb6 12. Bd2 h6 13. c3 Qe6 14. Qc2 Rxa1 15.
Rxa1 Nxe4 16. Ncxe5 Nxd2 17. Nxc6 Nxf3+ 18. gxf3 Bf6 19. d4 d5 20. Nb4 c5 21.
dxc5 bxc5 22. Nd3 Qf5 23. Qe2 c4 24. Nb4 d4 25. cxd4 Qb5 26. Nc2 Re8 27. Ne3
Bxd4 28. Qxc4 Qxb2 29. Rd1 Bxe3 30. fxe3 Re6 31. Qf1 Rxe3 32. Qg2 Re2 33. Qg4
Qe5 34. Qg3 Qe3+ 35. Kf1 Kh7 36. Ra1 Qd3 37. Kg1 Qd4+ 38. Kf1 Rxh2 39. Re1 Qh4
40. Qxh4 Rxh4 41. Kg2 g5 42. Re7 Kg6 43. Re8 Kf5 44. Rf8 f6 45. Rh8 Kg6 46.
Rg8+ Kf7 47. Rh8 Kg7 48. Ra8 Rc4 49. Ra3 h5 50. Kg3 Kg6 51. Rb3 h4+ 52. Kh3 Kh5
53. Rb6 Rf4 54. Kg2 h3+ 55. Kg3 h2 56. Rb1 Rh4 57. Rh1 g4 58. fxg4+ Rxg4+ 59.
Kf3 Rh4 60. Kg3 Kg5 61. Kf3 Rh3+ 62. Kf2 Kg4 63. Kg2 Rh5 64. Rd1 h1=Q+ 0-1

[Event "Moscow GM4"]
[Site "Moscow"]
[Date "1996.??.??"]
[Round "?"]
[White "Zaitsev, Igor A"]
[Black "Dvalishvili, Pavel S"]
[Result "1-0"]
[WhiteElo "2460"]
[BlackElo "2365"]
[PlyCount "103"]
[EventDate "1996.??.??"]
[EventType "tourn"]
[EventRounds "13"]
[EventCountry "RUS"]
[EventCategory "7"]
[SourceTitle "EXT 2000"]
[Source "ChessBase"]
[SourceDate "1999.11.16"]
[SourceVersion "1"]
[SourceVersionDate "1999.11.16"]
[SourceQuality "1"]

1. e4 c5 2. Nf3 d6 3. d4 cxd4 4. Nxd4 Nf6 5. Nc3 a6 6. Be3 e5 7. Nf3 Qc7 8. a4
b6 9. g3 Be7 10. Bg2 O-O 11. O-O Nbd7 12. Nh4 Re8 13. Nf5 Bb7 14. Nxe7+ Rxe7
15. Re1 Rc8 16. Qd2 Ne8 17. Nd5 Bxd5 18. Qxd5 h6 19. Rad1 Nc5 20. b3 Qb8 21. f3
Rec7 22. Bf1 Rd8 23. Qd2 Qc8 24. Qe2 Ra7 25. Rd2 Nf6 26. Red1 Qc6 27. Qc4 a5
28. Qb5 Qc7 29. Qc4 Raa8 30. Qe2 Qc6 31. Qf2 Qc7 32. Bb5 Rab8 33. Qg2 Qe7 34.
Bc4 Rbc8 35. Qe2 Qc7 36. Bb5 Qe7 37. Qg2 Qe6 38. Qf2 Nfxe4 39. fxe4 Nxe4 40.
Qe2 Nc3 41. Qf1 Nxd1 42. Qxd1 d5 43. Bc4 Rxc4 44. bxc4 d4 45. c3 Rc8 46. cxd4
exd4 47. Bxd4 Rxc4 48. Bf2 Qc6 49. Rd8+ Kh7 50. Qd3+ g6 51. Qd5 Rc1+ 52. Kg2
1-0

[Event "Moscow GM5"]
[Site "Moscow"]
[Date "1996.??.??"]
[Round "?"]
[White "Annakov, Babakuli"]
[Black "Zaitsev, Igor A"]
[Result "0-1"]
[WhiteElo "2360"]
[BlackElo "2460"]
[PlyCount "60"]
[EventDate "1996.??.??"]
[EventType "tourn"]
[EventRounds "8"]
[EventCountry "RUS"]
[EventCategory "7"]
[SourceTitle "EXT 2000"]
[Source "ChessBase"]
[SourceDate "1999.11.16"]
[SourceVersion "1"]
[SourceVersionDate "1999.11.16"]
[SourceQuality "1"]

1. d4 Nf6 2. c4 d6 3. Nc3 g6 4. e4 Bg7 5. Be2 O-O 6. Nf3 Nc6 7. d5 Nb4 8. Bg5
h6 9. Bh4 e6 10. O-O g5 11. Bg3 Nh5 12. h4 f5 13. hxg5 hxg5 14. a3 Na6 15. Bh2
Bxc3 16. bxc3 e5 17. exf5 Nf4 18. g4 Nc5 19. Re1 Bd7 20. Bf1 Qf6 21. Nd2 Rf7
22. Bg2 Rh7 23. Re3 Kf7 24. Nf1 Rah8 25. Qf3 Ba4 26. Bg3 Bc2 27. Ree1 e4 28.
Qe3 Qh6 29. Nh2 Bd3 30. Ra2 Nxg2 0-1

[Event "Moscow-A"]
[Site "Moscow"]
[Date "1996.??.??"]
[Round "?"]
[White "Zaitsev, Igor A"]
[Black "Guliev, Sarhan"]
[Result "1-0"]
[WhiteElo "2460"]
[BlackElo "2505"]
[PlyCount "109"]
[EventDate "1996.??.??"]
[EventType "tourn"]
[EventRounds "9"]
[EventCountry "RUS"]
[EventCategory "10"]
[SourceTitle "EXT 1998"]
[Source "ChessBase"]
[SourceDate "1997.11.17"]
[SourceVersion "1"]
[SourceVersionDate "1997.11.17"]
[SourceQuality "1"]

1. e4 c6 2. Nc3 d5 3. Nf3 Bg4 4. Be2 Nf6 5. e5 Bxf3 6. Bxf3 Nfd7 7. d4 e6 8.
O-O Be7 9. Ne2 O-O 10. Nf4 c5 11. c4 cxd4 12. cxd5 Nxe5 13. Re1 Nxf3+ 14. Qxf3
exd5 15. Nxd5 Bd6 16. Bh6 Qh4 17. Bf4 Bxf4 18. g3 Qh6 19. Ne7+ Kh8 20. Qxb7 Na6
21. gxf4 Nc5 22. Qf3 Rab8 23. b3 Ne6 24. Rad1 Rbd8 25. Nc6 Rd6 26. Ne5 Kg8 27.
f5 Ng5 28. Qg3 Nh3+ 29. Kg2 Nf4+ 30. Kf3 g5 31. h4 f6 32. Nd3 Nxd3 33. Rxd3 Rd5
34. Qg4 Qg7 35. Rxd4 h5 36. Qe4 Re5 37. Qb1 Qb7+ 38. Kg3 Qb5 39. Red1 Rxf5 40.
Rd5 Qb8+ 41. Kg2 Rxd5 42. Qg6+ Kh8 43. Rxd5 Qb7 44. Qxh5+ Kg7 45. Qf3 Qe7 46.
Qf5 Rd8 47. hxg5 Rxd5 48. gxf6+ Qxf6 49. Qxd5 a6 50. Kg3 Qc3+ 51. Qf3 Qa5 52.
a4 Qe5+ 53. Qf4 Qc3+ 54. Qe3 Qb4 55. Qg5+ 1-0

[Event "Moscow-D"]
[Site "Moscow"]
[Date "1996.??.??"]
[Round "?"]
[White "Genba, Vladimir"]
[Black "Zaitsev, Igor A"]
[Result "0-1"]
[WhiteElo "2380"]
[BlackElo "2460"]
[PlyCount "124"]
[EventDate "1996.??.??"]
[EventType "tourn"]
[EventRounds "11"]
[EventCountry "RUS"]
[EventCategory "8"]
[SourceTitle "EXT 1998"]
[Source "ChessBase"]
[SourceDate "1997.11.17"]
[SourceVersion "1"]
[SourceVersionDate "1997.11.17"]
[SourceQuality "1"]

1. Nf3 Nf6 2. g3 g6 3. b3 Bg7 4. Bb2 d6 5. d4 O-O 6. Bg2 Bf5 7. O-O Nc6 8. Nbd2
Qd7 9. Re1 Ne4 10. Nxe4 Bxe4 11. Qd2 Rad8 12. c4 Bxf3 13. Bxf3 e5 14. d5 Ne7
15. e4 f5 16. Bg2 f4 17. Qe2 h5 18. Bf3 fxg3 19. hxg3 Rf7 20. Bg2 Rdf8 21. Rf1
Bf6 22. Rae1 Kg7 23. Bc1 b6 24. Be3 a5 25. a3 Kg8 26. b4 axb4 27. axb4 Kg7 28.
Ra1 Ng8 29. Kh2 Nh6 30. Bh3 Qd8 31. Be6 Re7 32. f3 Nf7 33. Qd2 Ree8 34. Ra7 h4
35. Kg2 hxg3 36. Rh1 Rh8 37. Raa1 Bg5 38. Bxf7 Bxe3 39. Qxe3 Kxf7 40. f4 Qf6
41. fxe5 Qxe5 42. Qxg3 Qxe4+ 43. Qf3+ Kg7 44. Rxh8 Qc2+ 45. Qf2 Re2 46. Rf8
Rxf2+ 47. Rxf2 Qxc4 48. Ra7 Qxd5+ 49. Kf1 Qc4+ 50. Kg2 d5 51. b5 d4 52. Rd2
Qd5+ 53. Kf2 Qe5 54. Raa2 Qf5+ 55. Kg2 Qxb5 56. Rxd4 Qg5+ 57. Kf3 Qf5+ 58. Kg2
Qg5+ 59. Kf3 Qf6+ 60. Rf4 Qc6+ 61. Kf2 Qc5+ 62. Kg3 Qd6 0-1

[Event "Moscow-D"]
[Site "Moscow"]
[Date "1996.??.??"]
[Round "?"]
[White "Lomineishvili, Maia"]
[Black "Zaitsev, Igor A"]
[Result "0-1"]
[WhiteElo "2305"]
[BlackElo "2460"]
[PlyCount "64"]
[EventDate "1996.??.??"]
[EventType "tourn"]
[EventRounds "11"]
[EventCountry "RUS"]
[EventCategory "8"]
[SourceTitle "EXT 1998"]
[Source "ChessBase"]
[SourceDate "1997.11.17"]
[SourceVersion "1"]
[SourceVersionDate "1997.11.17"]
[SourceQuality "1"]

1. d4 Nf6 2. c4 d6 3. Nc3 Na6 4. e4 e5 5. Nf3 Qe7 6. dxe5 dxe5 7. Nd5 Qd8 8.
Bg5 Be7 9. Nxf6+ gxf6 10. Qxd8+ Bxd8 11. Be3 Nb4 12. Kd2 Nc6 13. Bd3 Be7 14. a3
a5 15. b3 Be6 16. h3 O-O-O 17. Ke2 Rd7 18. Rhd1 Rhd8 19. Ne1 b6 20. Rdc1 Bc5
21. Rd1 Kb7 22. Bxc5 bxc5 23. Nc2 a4 24. Rab1 Nd4+ 25. Nxd4 Rxd4 26. bxa4+ Kc6
27. Ke3 f5 28. exf5 Rxd3+ 29. Rxd3 Rxd3+ 30. Ke4 Bxc4 31. Rc1 Ba6 32. Kxe5 Rd6
0-1

[Event "Moscow-D"]
[Site "Moscow"]
[Date "1996.??.??"]
[Round "?"]
[White "Zaitsev, Igor A"]
[Black "Danielian, Oganes"]
[Result "1-0"]
[WhiteElo "2460"]
[BlackElo "2450"]
[PlyCount "89"]
[EventDate "1996.??.??"]
[EventType "tourn"]
[EventRounds "11"]
[EventCountry "RUS"]
[EventCategory "8"]
[SourceTitle "EXT 1998"]
[Source "ChessBase"]
[SourceDate "1997.11.17"]
[SourceVersion "1"]
[SourceVersionDate "1997.11.17"]
[SourceQuality "1"]

1. e4 e6 2. d4 d5 3. e5 c5 4. c3 Qb6 5. Nf3 Bd7 6. a3 cxd4 7. cxd4 Bb5 8. Bxb5+
Qxb5 9. Nc3 Qa6 10. Be3 Ne7 11. Rc1 Nd7 12. Rc2 Nc6 13. Re2 Be7 14. O-O O-O 15.
h4 b5 16. Qd3 Rab8 17. Ng5 Bxg5 18. hxg5 Rb6 19. Na2 Qa4 20. Nc1 Rc8 21. Rc2
Rbb8 22. Ne2 Na5 23. Rfc1 Rc4 24. Rc3 b4 25. b3 Rxc3 26. Rxc3 Qxa3 27. Rc7 Nf8
28. Nc1 Qa1 29. Qc2 Nb7 30. Qe2 Qa5 31. Qc2 Qb5 32. Nd3 Qb6 33. Nb2 a6 34. Na4
Qb5 35. Re7 Nd8 36. Qc7 Qe2 37. Qxb8 Nc6 38. Qe8 Nxe7 39. Qxe7 Qd1+ 40. Kh2
Qxb3 41. Nc5 Qc4 42. Qe8 b3 43. Nd7 Qb4 44. Bd2 Qa3 45. Qb8 1-0

[Event "Moscow-ch"]
[Site "Moscow"]
[Date "1996.??.??"]
[Round "6"]
[White "Zaitsev, Igor A"]
[Black "Kunin, Vitaly L"]
[Result "1-0"]
[WhiteElo "2435"]
[BlackElo "2320"]
[PlyCount "83"]
[EventDate "1996.08.??"]
[EventType "swiss"]
[EventRounds "11"]
[EventCountry "RUS"]
[SourceTitle "CBM 055 Extra"]
[Source "ChessBase"]
[SourceDate "1997.01.01"]
[SourceVersion "1"]
[SourceVersionDate "1997.01.01"]
[SourceQuality "1"]

1. e4 c5 2. Nf3 d6 3. d4 cxd4 4. Nxd4 Nf6 5. Nc3 a6 6. Bg5 e6 7. Qf3 Be7 8.
O-O-O Nbd7 9. Be2 O-O 10. Rhe1 Qc7 11. Qg3 b5 12. a3 Bb7 13. Bh6 Ne8 14. f4 Rc8
15. Bg5 Nef6 16. Bf3 Nb6 17. e5 dxe5 18. fxe5 Ne8 19. Bxe7 Qxe7 20. Bxb7 Qxb7
21. Ne4 Nd5 22. Rd3 a5 23. Qg4 Qb6 24. Red1 b4 25. a4 Qc7 26. Qg3 Qb7 27. R1d2
Qe7 28. Nd6 Nxd6 29. exd6 Qd7 30. Nf5 exf5 31. Rxd5 Qxa4 32. Kb1 Rfd8 33. d7
Ra8 34. Qd3 Qc6 35. Qxf5 Qe6 36. Qd3 Qe1+ 37. Rd1 Qf2 38. Qe4 Qb6 39. Re5 g6
40. Re8+ Kg7 41. Qe7 Qc7 42. Rf1 1-0

[Event "Moscow-ch"]
[Site "Moscow"]
[Date "1996.??.??"]
[Round "8"]
[White "Zaitsev, Igor A"]
[Black "Kekov, Alexandr"]
[Result "1-0"]
[WhiteElo "2435"]
[BlackElo "2370"]
[PlyCount "73"]
[EventDate "1996.08.??"]
[EventType "swiss"]
[EventRounds "11"]
[EventCountry "RUS"]
[SourceTitle "CBM 055 Extra"]
[Source "ChessBase"]
[SourceDate "1997.01.01"]
[SourceVersion "1"]
[SourceVersionDate "1997.01.01"]
[SourceQuality "1"]

1. e4 c6 2. d4 d5 3. e5 Bf5 4. Nf3 e6 5. Be2 Ne7 6. O-O Bg4 7. Nc3 Nf5 8. Ng5
Bxe2 9. Nxe2 h6 10. Nf3 c5 11. c3 cxd4 12. cxd4 Nc6 13. a3 Be7 14. Qd3 h5 15.
Bd2 g5 16. b4 g4 17. Ne1 Qb6 18. Nc2 a6 19. Be3 Rc8 20. Rac1 Kd7 21. Nc3 Nh4
22. Na4 Qa7 23. b5 axb5 24. Qxb5 Rb8 25. Nb6+ Kc7 26. Nxd5+ exd5 27. Qxd5 Qa5
28. Qxf7 Rbf8 29. Qe6 Re8 30. d5 Bxa3 31. Qf7+ Re7 32. d6+ Kb8 33. dxe7 Bxe7
34. Bd4 Nxd4 35. Nxd4 Qd8 36. Rfd1 Qe8 37. Qa2 1-0

[Event "Moscow-ch"]
[Site "Moscow"]
[Date "1996.??.??"]
[Round "11"]
[White "Shaposhnikov, Evgeny"]
[Black "Zaitsev, Igor A"]
[Result "0-1"]
[WhiteElo "2345"]
[BlackElo "2435"]
[PlyCount "64"]
[EventDate "1996.08.??"]
[EventType "swiss"]
[EventRounds "11"]
[EventCountry "RUS"]
[SourceTitle "CBM 055 Extra"]
[Source "ChessBase"]
[SourceDate "1997.01.01"]
[SourceVersion "1"]
[SourceVersionDate "1997.01.01"]
[SourceQuality "1"]

1. d4 Nf6 2. Nf3 d6 3. c4 g6 4. Nc3 Bg7 5. Bg5 h6 6. Bh4 Bf5 7. e3 c5 8. Be2
Ne4 9. O-O g5 10. Bg3 Nxg3 11. fxg3 cxd4 12. Nxd4 Bh7 13. Bh5 O-O 14. Qf3 Bxd4
15. exd4 Nc6 16. Bxf7+ Kg7 17. Qd5 Qb6 18. Rad1 Qxb2 19. Nb5 Qc2 20. Rde1 Bd3
21. Rf3 Qd2 22. Qe6 a6 23. Nc7 Nxd4 24. Rxd3 Qxd3 25. Qg4 Rxf7 26. Nxa8 Qxc4
27. h4 Qc5 28. Kh2 Nf3+ 29. gxf3 Qf2+ 30. Kh3 Qxe1 31. Qd4+ Qe5 32. Qd1 Qe6+
0-1

[Event "RUS-Cup2"]
[Site "Moscow"]
[Date "1996.??.??"]
[Round "2"]
[White "Zaitsev, Igor A"]
[Black "Kosyrev, Vladimir"]
[Result "1-0"]
[WhiteElo "2435"]
[BlackElo "2315"]
[PlyCount "69"]
[EventDate "1996.11.28"]
[EventType "swiss"]
[EventRounds "9"]
[EventCountry "RUS"]
[SourceTitle "CBM 056 Extra"]
[Source "ChessBase"]
[SourceDate "1997.03.01"]
[SourceVersion "1"]
[SourceVersionDate "1997.03.01"]
[SourceQuality "1"]

1. e4 e6 2. d4 d5 3. Nc3 Bb4 4. Nge2 dxe4 5. a3 Bxc3+ 6. Nxc3 Nc6 7. d5 exd5 8.
Qxd5 Be6 9. Qxe4 Nf6 10. Qh4 Qd4 11. Bg5 Qe5+ 12. Be2 Nd4 13. O-O-O Nxe2+ 14.
Nxe2 Qxe2 15. Bxf6 gxf6 16. Rhe1 Qa6 17. Qxf6 Rg8 18. Rd3 Kf8 19. Red1 Re8 20.
Rd8 Bd7 21. Qxa6 bxa6 22. R1xd7 Rxg2 23. Rxe8+ Kxe8 24. Rxc7 Rxf2 25. Rxa7 Rxh2
26. Rxa6 h5 27. b4 h4 28. b5 h3 29. Rh6 f5 30. b6 Kd7 31. Rh7+ Kc8 32. a4 Re2
33. Rxh3 Kb7 34. a5 Ka6 35. Rh8 1-0

[Event "RUS-Cup2"]
[Site "Moscow"]
[Date "1996.??.??"]
[Round "4"]
[White "Zaitsev, Igor A"]
[Black "Abashev, Denis"]
[Result "1-0"]
[WhiteElo "2435"]
[BlackElo "2320"]
[PlyCount "130"]
[EventDate "1996.11.28"]
[EventType "swiss"]
[EventRounds "9"]
[EventCountry "RUS"]
[SourceTitle "CBM 056 Extra"]
[Source "ChessBase"]
[SourceDate "1997.03.01"]
[SourceVersion "1"]
[SourceVersionDate "1997.03.01"]
[SourceQuality "1"]

1. e4 c6 2. Nc3 d5 3. Nf3 dxe4 4. Nxe4 Nf6 5. Nxf6+ gxf6 6. d4 Qc7 7. g3 Bg4 8.
Be2 e6 9. O-O Nd7 10. Bf4 Bd6 11. Bxd6 Qxd6 12. c3 O-O-O 13. Nh4 h5 14. Kg2
Bxe2 15. Qxe2 Qd5+ 16. f3 f5 17. Rad1 f4 18. gxf4 Qd6 19. f5 exf5 20. Kh1 Qf6
21. Qf2 Nb6 22. Rde1 f4 23. Re4 Nd5 24. Ng2 h4 25. c4 h3 26. cxd5 cxd5 27. Re5
hxg2+ 28. Qxg2 Rdg8 29. Qc2+ Kb8 30. Rfe1 Qh4 31. Qe2 Qd8 32. Re7 Qb6 33. Qe5+
Ka8 34. Re8+ Rxe8 35. Qxe8+ Qd8 36. Qxd8+ Rxd8 37. Re7 Rf8 38. Rd7 Kb8 39. Rxd5
f5 40. Kg2 Rg8+ 41. Kf1 Rh8 42. Kg2 Rg8+ 43. Kh1 Re8 44. Re5 Rc8 45. Rc5 Re8
46. Rc2 Rd8 47. Rd2 Kc7 48. Kg2 Rg8+ 49. Kf1 Kd6 50. h4 Rh8 51. Rh2 Kd5 52. h5
Rh6 53. Rh4 Kxd4 54. Rxf4+ Ke5 55. Rh4 f4 56. Ke2 Kf5 57. Rh2 Ke5 58. a4 Kd4
59. Rh4 Ke5 60. a5 Kd5 61. Kd3 Ke5 62. b4 b6 63. axb6 axb6 64. Kc4 Rc6+ 65. Kb5
Rh6 1-0

[Event "RUS-Cup2"]
[Site "Moscow"]
[Date "1996.??.??"]
[Round "7"]
[White "Gorelov, Sergey G"]
[Black "Zaitsev, Igor A"]
[Result "0-1"]
[WhiteElo "2485"]
[BlackElo "2435"]
[PlyCount "21"]
[EventDate "1996.11.28"]
[EventType "swiss"]
[EventRounds "9"]
[EventCountry "RUS"]
[SourceTitle "CBM 056 Extra"]
[Source "ChessBase"]
[SourceDate "1997.03.01"]
[SourceVersion "1"]
[SourceVersionDate "1997.03.01"]
[SourceQuality "1"]

1. Nf3 Nf6 2. g3 g6 3. b3 d6 4. d4 Bg7 5. Bb2 O-O 6. Bg2 Nc6 7. c4 e5 8. dxe5
dxe5 9. Nxe5 Qxd1+ 10. Kxd1 Ng4 11. Bxc6 0-1

[Event "RUS-Cup2"]
[Site "Moscow"]
[Date "1996.??.??"]
[Round "8"]
[White "Zaitsev, Igor A"]
[Black "Totsky, Leonid"]
[Result "1-0"]
[WhiteElo "2435"]
[BlackElo "2490"]
[PlyCount "51"]
[EventDate "1996.11.28"]
[EventType "swiss"]
[EventRounds "9"]
[EventCountry "RUS"]
[SourceTitle "CBM 056 Extra"]
[Source "ChessBase"]
[SourceDate "1997.03.01"]
[SourceVersion "1"]
[SourceVersionDate "1997.03.01"]
[SourceQuality "1"]

1. e4 e6 2. d4 d5 3. Nd2 b6 4. Ngf3 Nf6 5. Ne5 Bb7 6. Bb5+ c6 7. Bd3 Be7 8.
exd5 exd5 9. O-O O-O 10. Re1 c5 11. c3 Nbd7 12. Ndf3 Bd6 13. Bg5 h6 14. Nxd7
Qxd7 15. Bxf6 gxf6 16. Qd2 Qg4 17. Qxh6 Qg7 18. Qh5 Rfe8 19. Nh4 Bf8 20. Nf5
Qg5 21. Qf3 c4 22. h4 Rxe1+ 23. Rxe1 Qd2 24. Qg4+ Kh8 25. Qh5+ Bh6 26. Re3 1-0

[Event "Moscow-1"]
[Site "Moscow"]
[Date "1997.??.??"]
[Round "6"]
[White "Zaitsev, Igor A"]
[Black "Rychagov, Andrey"]
[Result "1-0"]
[WhiteElo "2450"]
[BlackElo "2455"]
[PlyCount "75"]
[EventDate "1997.??.??"]
[EventType "tourn"]
[EventRounds "11"]
[EventCountry "RUS"]
[EventCategory "7"]
[SourceTitle "EXT 2000"]
[Source "ChessBase"]
[SourceDate "1999.11.16"]
[SourceVersion "1"]
[SourceVersionDate "1999.11.16"]
[SourceQuality "1"]

1. e4 e6 2. d4 d5 3. Nc3 Bb4 4. Nge2 dxe4 5. a3 Be7 6. Nxe4 Nd7 7. Nf4 Ngf6 8.
Ng5 O-O 9. Bc4 Nb6 10. Bd3 c5 11. dxc5 Na4 12. b4 e5 13. Ne2 h6 14. Ne4 Nxe4
15. Bxe4 Qxd1+ 16. Kxd1 Rd8+ 17. Ke1 f5 18. Bd3 Bf6 19. Rb1 e4 20. Bc4+ Kh8 21.
Bf4 a5 22. Bc7 Rd7 23. Bd6 axb4 24. axb4 Rd8 25. h4 Bd7 26. Rh3 f4 27. Ra3 g5
28. Bd5 Bc6 29. Bxc6 bxc6 30. b5 cxb5 31. Rxb5 Kg7 32. h5 Kf7 33. Rb4 Nb2 34.
Rxa8 Rxa8 35. Nd4 Ra1+ 36. Ke2 Rc1 37. Rb7+ Ke8 38. Rxb2 1-0

[Event "Moscow-1"]
[Site "Moscow"]
[Date "1997.??.??"]
[Round "10"]
[White "Zaitsev, Igor A"]
[Black "Losev, Dmitry"]
[Result "1-0"]
[WhiteElo "2450"]
[BlackElo "2435"]
[PlyCount "95"]
[EventDate "1997.??.??"]
[EventType "tourn"]
[EventRounds "11"]
[EventCountry "RUS"]
[EventCategory "7"]
[SourceTitle "EXT 2000"]
[Source "ChessBase"]
[SourceDate "1999.11.16"]
[SourceVersion "1"]
[SourceVersionDate "1999.11.16"]
[SourceQuality "1"]

1. e4 c5 2. Nf3 d6 3. Bb5+ Nd7 4. d4 Ngf6 5. c4 Nxe4 6. Qe2 Nef6 7. dxc5 dxc5
8. Nc3 g6 9. Bg5 Bg7 10. Ne5 a6 11. Bxf6 Bxf6 12. Bxd7+ Bxd7 13. O-O-O Bg5+ 14.
Kb1 Bf5+ 15. Ka1 Qa5 16. f4 Bf6 17. g4 Be6 18. f5 Qc7 19. Rhe1 gxf5 20. gxf5
Bxf5 21. Nd5 Qxe5 22. Qxe5 Bxe5 23. Rxe5 O-O-O 24. Rxf5 e6 25. Ne7+ Kc7 26.
Rxc5+ Kb6 27. Rxd8 Rxd8 28. b4 Ka7 29. Nc8+ Kb8 30. Nb6 f5 31. Re5 Kc7 32. Rxe6
Rd1+ 33. Kb2 Rd2+ 34. Kc3 Rxa2 35. Kd4 Rxh2 36. Kc5 f4 37. Re7+ Kd8 38. Rxb7
Ke8 39. Nd5 f3 40. Nf6+ Kf8 41. Nxh7+ Kg8 42. Nf6+ Kf8 43. Rd7 Re2 44. Rd3 Re5+
45. Nd5 Rf5 46. Rd1 Kf7 47. Kd6 f2 48. Rf1 1-0

[Event "Moscow-ch"]
[Site "Moscow"]
[Date "1997.??.??"]
[Round "2"]
[White "Ramazan, Elshad"]
[Black "Zaitsev, Igor A"]
[Result "0-1"]
[WhiteElo "2370"]
[BlackElo "2450"]
[PlyCount "44"]
[EventDate "1997.??.??"]
[EventType "swiss"]
[EventRounds "9"]
[EventCountry "RUS"]
[SourceTitle "EXT 2000"]
[Source "ChessBase"]
[SourceDate "1999.11.16"]
[SourceVersion "1"]
[SourceVersionDate "1999.11.16"]
[SourceQuality "1"]

1. d4 Nf6 2. Nf3 g6 3. g3 Bg7 4. Bg2 O-O 5. O-O d6 6. a4 Nc6 7. a5 Bf5 8. a6
bxa6 9. c3 e5 10. dxe5 dxe5 11. Qa4 Qe8 12. Qxa6 e4 13. Ne1 Bc8 14. Qa4 Bd7 15.
Nc2 Qe5 16. Rd1 Rad8 17. Qa6 Bc8 18. Rxd8 Bxa6 19. Rxf8+ Bxf8 20. Rxa6 Qb5 21.
Rxc6 Qxc6 22. Nd2 Qa4 0-1

[Event "Zagorovsky Memorial"]
[Site "Voronezh"]
[Date "1997.??.??"]
[Round "?"]
[White "Zaitsev, Igor A"]
[Black "Ljavdansky, Vladimir"]
[Result "1-0"]
[WhiteElo "2450"]
[BlackElo "2305"]
[PlyCount "69"]
[EventDate "1997.??.??"]
[EventType "tourn"]
[EventRounds "11"]
[EventCountry "RUS"]
[EventCategory "4"]
[SourceTitle "EXT 1999"]
[Source "ChessBase"]
[SourceDate "1998.11.16"]
[SourceVersion "1"]
[SourceVersionDate "1998.11.16"]
[SourceQuality "1"]

1. e4 c5 2. Nf3 d6 3. d4 cxd4 4. Nxd4 Nf6 5. Nc3 e6 6. Be3 a6 7. Bd3 Nbd7 8. f4
Qc7 9. O-O e5 10. fxe5 dxe5 11. Nf5 g6 12. Nh6 Bc5 13. Qf3 Bxe3+ 14. Qxe3 b5
15. Rf3 Rb8 16. Raf1 Qb6 17. Qxb6 Rxb6 18. a4 bxa4 19. Nxa4 Rc6 20. b4 Rf8 21.
g4 g5 22. b5 Re6 23. Bc4 axb5 24. Bxe6 fxe6 25. Nb6 Bb7 26. Nxd7 Nxd7 27. Rxf8+
Nxf8 28. Nf7 Bc6 29. Nxg5 h6 30. Nf7 Ng6 31. Rf6 Nf8 32. Nxe5 Bd7 33. c3 Ke7
34. Rxh6 Kd6 35. Rh5 1-0

[Event "Zagorovsky Memorial"]
[Site "Voronezh"]
[Date "1997.??.??"]
[Round "?"]
[White "Zaitsev, Igor A"]
[Black "Vladimirov, Boris T"]
[Result "1-0"]
[WhiteElo "2450"]
[BlackElo "2370"]
[PlyCount "82"]
[EventDate "1997.??.??"]
[EventType "tourn"]
[EventRounds "11"]
[EventCountry "RUS"]
[EventCategory "4"]
[SourceTitle "EXT 1999"]
[Source "ChessBase"]
[SourceDate "1998.11.16"]
[SourceVersion "1"]
[SourceVersionDate "1998.11.16"]
[SourceQuality "1"]

1. e4 g6 2. d4 d6 3. Nf3 Bg7 4. Bc4 Nf6 5. Qe2 O-O 6. O-O c6 7. Bb3 d5 8. e5
Ne8 9. h3 Nc7 10. Re1 b6 11. c4 Ba6 12. Be3 Nd7 13. Qc2 Rc8 14. cxd5 cxd5 15.
Nc3 Nb8 16. Qd2 Nc6 17. Bh6 e6 18. Bg5 Qd7 19. Nd1 Na5 20. Ne3 Nc4 21. Bxc4
dxc4 22. Bf6 h5 23. Ng5 Bxf6 24. exf6 Rfd8 25. Rad1 Ne8 26. d5 Nxf6 27. Qd4 Nh7
28. Nxh7 Kxh7 29. Qh4 Kg7 30. dxe6 Qe8 31. Nf5+ gxf5 32. Qg5+ Kh8 33. Qxh5+ Kg7
34. Qg5+ Kh8 35. Qf6+ Kh7 36. Qxf5+ Kg7 37. Qg5+ Kh7 38. exf7 Qf8 39. Rxd8 Rxd8
40. Re4 Rd1+ 41. Kh2 Qd6+ 1-0

[Event "Zagorovsky Memorial"]
[Site "Voronezh"]
[Date "1997.??.??"]
[Round "?"]
[White "Zaitsev, Igor A"]
[Black "Zhukhovitsky, Samuel"]
[Result "1-0"]
[WhiteElo "2450"]
[BlackElo "2370"]
[PlyCount "125"]
[EventDate "1997.??.??"]
[EventType "tourn"]
[EventRounds "11"]
[EventCountry "RUS"]
[EventCategory "4"]
[SourceTitle "EXT 1999"]
[Source "ChessBase"]
[SourceDate "1998.11.16"]
[SourceVersion "1"]
[SourceVersionDate "1998.11.16"]
[SourceQuality "1"]

1. e4 e5 2. Nf3 Nc6 3. Bb5 a6 4. Ba4 Nf6 5. O-O Be7 6. Re1 b5 7. Bb3 d6 8. c3
O-O 9. h3 Be6 10. d4 Bxb3 11. axb3 Re8 12. d5 Nb8 13. c4 Nbd7 14. Nc3 b4 15.
Na4 h6 16. Qc2 Qc8 17. Be3 c5 18. dxc6 Qxc6 19. Nd2 Rac8 20. Qd3 Rb8 21. Qb1
Bf8 22. Qd1 Rb7 23. Qf3 Re6 24. Rac1 Rc7 25. Kh2 Be7 26. g3 Rc8 27. Re2 Rd8 28.
Ra1 Nc5 29. Qg2 Bf8 30. Qf3 Rc8 31. Qg2 Rb8 32. Qh1 Rc8 33. Qg2 Rb8 34. Qh1 Rb7
35. f3 Nfd7 36. Qd1 Rf6 37. Nxc5 dxc5 38. Qc2 Be7 39. Rf1 g5 40. Rg2 Kh8 41.
Qd3 Nf8 42. Rh1 Rd7 43. Qe2 Ng6 44. Kg1 Kh7 45. Rhh2 Qd6 46. Kh1 Rd8 47. Qe1
Qd3 48. Qg1 Rc6 49. Qf2 Qc2 50. h4 gxh4 51. f4 exf4 52. gxf4 f5 53. e5 Qd1+ 54.
Rg1 Qh5 55. Nf3 Rd3 56. Qe2 Nxf4 57. Rhg2 Rc8 58. Bxf4 Rxf3 59. Rg7+ Kh8 60.
Bh2 Bg5 61. Rd7 Qe8 62. e6 Re3 63. Qxe3 1-0

[Event "RUS-Cup7"]
[Site "Kstovo"]
[Date "1997.??.??"]
[Round "3"]
[White "Novgorodskij, Vladimir"]
[Black "Zaitsev, Igor A"]
[Result "0-1"]
[WhiteElo "2390"]
[BlackElo "2450"]
[PlyCount "50"]
[EventDate "1997.05.01"]
[EventType "swiss"]
[EventRounds "9"]
[EventCountry "RUS"]
[SourceTitle "EXT 1999"]
[Source "ChessBase"]
[SourceDate "1998.11.16"]
[SourceVersion "1"]
[SourceVersionDate "1998.11.16"]
[SourceQuality "1"]

1. e4 e5 2. Nf3 Nf6 3. Nxe5 d6 4. Nf3 Nxe4 5. d4 Be7 6. Bd3 f5 7. c4 O-O 8. O-O
Bf6 9. Qc2 Qe8 10. Nbd2 Nxd2 11. Bxd2 Qh5 12. Rfe1 Nc6 13. Bc3 g5 14. Bxf5 g4
15. Bxc8 Raxc8 16. Nd2 Nxd4 17. Qd3 c5 18. Nf1 Be5 19. Rad1 Rf6 20. Bxd4 Bxd4
21. Rd2 Rcf8 22. Ree2 Qf7 23. Qg3 Qxc4 24. Qxg4+ Rg6 25. Qe4 Rxf2 0-1